<?xml version="1.0" encoding="UTF-8"?>
<collection xmlns="http://www.loc.gov/MARC21/slim">
 <record>
  <leader>01545pam a22003858a 4500</leader>
  <controlfield tag="001">00032914</controlfield>
  <controlfield tag="005">20171026081025.0</controlfield>
  <controlfield tag="008">141219s2003                  ||||||engsd</controlfield>
  <datafield tag="020" ind1="#" ind2="#">
   <subfield code="c">39000</subfield>
   <subfield code="a">0764111566</subfield>
  </datafield>
  <datafield tag="041" ind1="0" ind2="#">
   <subfield code="a">eng-vie</subfield>
  </datafield>
  <datafield tag="082" ind1="1" ind2="4">
   <subfield code="a">428</subfield>
   <subfield code="b">PR101E</subfield>
  </datafield>
  <datafield tag="100" ind1="1" ind2="#">
   <subfield code="a">Sharpe, Pamela J.</subfield>
  </datafield>
  <datafield tag="245" ind1="1" ind2="0">
   <subfield code="a">Practice exercises for the TOEFL test</subfield>
   <subfield code="c">Pamela J. Sharpe; Nguyễn Văn Phước, Ban biên dịch First News (chú giải)</subfield>
   <subfield code="b">Test of English as a foreign language</subfield>
  </datafield>
  <datafield tag="250" ind1="#" ind2="#">
   <subfield code="a">4th ed.</subfield>
  </datafield>
  <datafield tag="260" ind1="#" ind2="#">
   <subfield code="a">T.P. Hồ Chí Minh</subfield>
   <subfield code="b">Trẻ; Công ty Văn hóa Sáng tạo Trí Việt</subfield>
   <subfield code="c">2003</subfield>
  </datafield>
  <datafield tag="300" ind1="#" ind2="#">
   <subfield code="a">viii,384 tr.</subfield>
   <subfield code="c">21 cm.</subfield>
  </datafield>
  <datafield tag="490" ind1="#" ind2="#">
   <subfield code="a">Barron's Educational series</subfield>
  </datafield>
  <datafield tag="653" ind1="#" ind2="#">
   <subfield code="a">Bài kiểm tra</subfield>
  </datafield>
  <datafield tag="653" ind1="#" ind2="#">
   <subfield code="a">Ngôn ngữ</subfield>
  </datafield>
  <datafield tag="653" ind1="#" ind2="#">
   <subfield code="a">Đáp án</subfield>
  </datafield>
  <datafield tag="653" ind1="#" ind2="#">
   <subfield code="a">Tiếng Anh</subfield>
  </datafield>
  <datafield tag="653" ind1="#" ind2="#">
   <subfield code="a">TOEFL</subfield>
  </datafield>
  <datafield tag="700" ind1="1" ind2="#">
   <subfield code="a">Nguyễn, Văn Phước</subfield>
   <subfield code="e">Chú giải</subfield>
  </datafield>
  <datafield tag="710" ind1=" " ind2=" ">
   <subfield code="a">Ban biên dịch First News</subfield>
   <subfield code="b">Chú giải</subfield>
  </datafield>
  <datafield tag="852" ind1="#" ind2="#">
   <subfield code="b">Kho giáo trình</subfield>
   <subfield code="j">KGT.0048248, KGT.0048249, KGT.0048250, KGT.0048251, KGT.0048252, KGT.0048253, KGT.0048254, KGT.0048255, KGT.0048256, KGT.0048257, KGT.0048258</subfield>
  </datafield>
  <datafield tag="852" ind1="#" ind2="#">
   <subfield code="b">Kho mượn</subfield>
   <subfield code="j">KGT.0048248</subfield>
  </datafield>
  <datafield tag="852" ind1="#" ind2="#">
   <subfield code="j">KGT.0048258</subfield>
   <subfield code="j">KGT.0048248</subfield>
   <subfield code="j">KGT.0048250</subfield>
   <subfield code="j">KGT.0048251</subfield>
   <subfield code="j">KGT.0048253</subfield>
   <subfield code="j">KGT.0048254</subfield>
   <subfield code="j">KD.0016450</subfield>
   <subfield code="j">KGT.0048256</subfield>
   <subfield code="j">KGT.0048249</subfield>
   <subfield code="j">KGT.0048252</subfield>
   <subfield code="j">KGT.0048255</subfield>
   <subfield code="j">KGT.0048257</subfield>
  </datafield>
  <datafield tag="852" ind1="#" ind2="#">
   <subfield code="b">Kho đọc</subfield>
   <subfield code="j">KD.0016450</subfield>
  </datafield>
  <datafield tag="910" ind1="0" ind2="#">
   <subfield code="d">19/12/2014</subfield>
  </datafield>
  <datafield tag="980" ind1="#" ind2="#">
   <subfield code="a">Trung tâm Học liệu Lê Vũ Hùng, Trường Đại học Đồng Tháp</subfield>
  </datafield>
 </record>
</collection>
